NBA Players Second Name - Statistics

General Stats
  • This quiz has been taken 11 times
  • The average score is 3 of 20
Answer Stats
Hint Answer % Correct
Stephen "Steph" Curry Wardell
73%
Kobe Bryant Bean
45%
Michael Jordan Jeffrey
36%
Karl Malone Anthony
27%
Steve Nash John
27%
Shaquille "Shaq" O'Neal Rashaun
27%
Larry Bird Joe
18%
Alfred "Al" Horford Joel
18%
Lebron James Raymone
18%
James Harden Edward
9%
Christopher "Chris" Paul Emmanuel
9%
Wilton "Wilt" Chamberlain Norman
9%
Klay Thompson Alexander
0%
Joel Embiid Hans
0%
John Stockton Houston
0%
Anthony Davis Marshon
0%
Scotty "Scottie" Pippen Maurice
0%
Giannis Antetokounmpo Sina Ougko
0%
Timothy "Tim" Duncan Theodore
0%
Kevin Durant Wayne
0%
No matching quizzes found
Score Distribution
Percent of People with Each Score
Percentile by Number Answered
Your Score History
You have not taken this quiz